Východiská pre formulovanie daňovej politiky v krajinách s trhovou ekonomikou diplomová práca

Guardado en:
Detalles Bibliográficos
Autor principal: Vančová, Linda
Autor Corporativo: Národohospodárska fakulta EU. Katedra financií
Otros Autores: Borodovčák, Michal
Formato: Libro
Lenguaje:eslovaco
Publicado: Bratislava 2010
Etiquetas: Agregar Etiqueta
Sin Etiquetas, Sea el primero en etiquetar este registro!

MARC

LEADER 00000nam$a2200000$$$4500
001 0119086
005 20240318123814.8
041 0 |a slo 
044 |a SK 
245 1 0 |a Východiská pre formulovanie daňovej politiky v krajinách s trhovou ekonomikou  |b diplomová práca  |c Linda Vančová ; škol. Michal Borodovčák 
264 1 |a Bratislava  |c 2010 
300 |a 61 s. 
100 1 |a Vančová, Linda 
700 1 |a Borodovčák, Michal 
710 2 |a Národohospodárska fakulta EU. Katedra financií